Inzest und Strafrecht: die Bedeutung des Strafrechts am Beispiel des Inzesttatbestandes (§ 173 StGB)
| Autor principal: | |
|---|---|
| Tipo de documento: | Print Libro |
| Lenguaje: | Alemán |
| Publicado: |
Pfaffenweiler
Centaurus-Verlagsgesellschaft
1987
|
| En: |
Reihe Rechtswissenschaft (49)
Año: 1987 |
| Disponibilidad en Tübingen: | Disponible en Tübingen. IFK: E IX 9 |
| Verificar disponibilidad: | HBZ Gateway |
| Servicio de pedido Subito: | Pedir ahora. |
| Palabras clave: |
MARC
| LEADER | 00000cam a2200000 c 4500 | ||
|---|---|---|---|
| 001 | 021610703 | ||
| 003 | DE-627 | ||
| 005 | 20260206193824.0 | ||
| 007 | tu | ||
| 008 | 870728s1987 gw ||||| m 00| ||ger c | ||
| 015 | |a 87,H08,0136 |2 dnb | ||
| 016 | 7 | |a 870489321 |2 DE-101 | |
| 020 | |a 3890851770 |c kart. |9 3-89085-177-0 | ||
| 035 | |a (DE-627)021610703 | ||
| 035 | |a (DE-603)005712106 | ||
| 035 | |a (DE-576)013163302 | ||
| 035 | |a (DE-599)GBV021610703 | ||
| 035 | |a (OCoLC)230851096 | ||
| 035 | |a (OCoLC)317969845 | ||
| 035 | |a (OCoLC)611726539 | ||
| 040 | |a DE-627 |b ger |c DE-627 |e rakwb | ||
| 041 | |a ger | ||
| 044 | |c XA-DE | ||
| 084 | |a 19 |2 sdnb | ||
| 084 | |a 19 |a 11 |2 sdnb | ||
| 084 | |a PH 3810 |2 rvk |0 (DE-625)rvk/136084: | ||
| 084 | |a PH 3690 |2 rvk |0 (DE-625)rvk/136071: | ||
| 100 | 1 | |8 1\p |a Karkatsoulis, Panagiotis |d 1958- |0 (DE-588)1340408198 |0 (DE-627)189992471X |4 aut | |
| 109 | |a Karkatsoulis, Panagiotis 1958- |a Karkatsoulis, Panagiotis Georgiou 1958- | ||
| 245 | 1 | 0 | |a Inzest und Strafrecht |b die Bedeutung des Strafrechts am Beispiel des Inzesttatbestandes (§ 173 StGB) |c Panagiotis Karkatsoulis |
| 264 | 1 | |a Pfaffenweiler |b Centaurus-Verlagsgesellschaft |c 1987 | |
| 300 | |a XIII, 130 S. | ||
| 336 | |a Text |b txt |2 rdacontent | ||
| 337 | |a ohne Hilfsmittel zu benutzen |b n |2 rdamedia | ||
| 338 | |a Band |b nc |2 rdacarrier | ||
| 490 | 1 | |a Reihe Rechtswissenschaft |v 49 | |
| 502 | |a Zugl.: Bielefeld, Univ., Diss., 1986/87 | ||
| 583 | 1 | |a Archivierung/Langzeitarchivierung gewährleistet |f PEBW |x XA-DE-BW |2 pdager |5 DE-31 | |
| 583 | 1 | |a Archivierung prüfen |c 20240324 |f DE-4165 |z 3 |2 pdager | |
| 655 | 7 | |a Hochschulschrift |0 (DE-588)4113937-9 |0 (DE-627)105825778 |0 (DE-576)209480580 |2 gnd-content | |
| 689 | 0 | 0 | |d s |0 (DE-588)4124949-5 |0 (DE-627)105743828 |0 (DE-576)209572442 |a Inzest |2 gnd |
| 689 | 0 | 1 | |d s |0 (DE-588)4057795-8 |0 (DE-627)106149458 |0 (DE-576)209123737 |a Strafrecht |2 gnd |
| 689 | 0 | |5 DE-101 | |
| 751 | |a Bielefeld |0 (DE-588)4006510-8 |0 (DE-627)106377272 |0 (DE-576)20886590X |4 uvp | ||
| 830 | 0 | |a Reihe Rechtswissenschaft |v 49 |9 49 |w (DE-627)129639346 |w (DE-576)009725970 |w (DE-600)252152-0 |x 0177-2805 |7 am | |
| 883 | |8 1\p |a cgwrk |d 20241001 |q DE-101 |u https://d-nb.info/provenance/plan#cgwrk | ||
| 935 | |i Blocktest | ||
| 935 | |h HEB |i 0501 | ||
| 935 | |h HEB |i 0503 | ||
| 936 | r | v | |a PH 3810 |b Straftaten gegen die sexuelle Selbstbestimmung |k Rechtswissenschaft |k Strafrecht, Strafverfahrensrecht, Kriminologie |k Strafrecht |k Straftaten gegen die Person |k Straftaten gegen die sexuelle Selbstbestimmung |0 (DE-627)1271941465 |0 (DE-625)rvk/136084: |0 (DE-576)201941465 |
| 936 | r | v | |a PH 3690 |b Straftaten gegen den Personenstand, die Ehe und die Familie |k Rechtswissenschaft |k Strafrecht, Strafverfahrensrecht, Kriminologie |k Strafrecht |k Straftaten gegen staatsunabhängige Gemeinschaftswerte |k Straftaten gegen den Personenstand, die Ehe und die Familie |0 (DE-627)1272236900 |0 (DE-625)rvk/136071: |0 (DE-576)202236900 |
| 936 | s | n | |a p100 |2 mzub |
| 936 | s | n | |a c200 |2 mzub |
| 951 | |a BO | ||
| ELC | |b 1 | ||
| LOK | |0 000 xxxxxcx a22 zn 4500 | ||
| LOK | |0 001 3270520263 | ||
| LOK | |0 003 DE-627 | ||
| LOK | |0 004 021610703 | ||
| LOK | |0 005 20020607000000 | ||
| LOK | |0 008 930629||||||||||||||||ger||||||| | ||
| LOK | |0 040 |a DE-21-110 |c DE-627 |d DE-21-110 | ||
| LOK | |0 852 |a DE-21-110 | ||
| LOK | |0 852 1 |c E IX 9 |m p |9 00 | ||
| LOK | |0 935 |a k110 | ||
| LOK | |0 936ln |a 10.14 | ||
| LOK | |0 938 |k p | ||
| LOK | |0 939 |a 29-06-93 |b l01 | ||
| ORI | |a SA-MARC-krimdoka001.raw | ||
| SIG | |a IFK: E IX 9 | ||
